000 02150nam a22003017a 4500
001 8581
003 FISKH
005 20251001155635.0
008 251001b cb ||||| |||| 00| 0 eng d
020 _a9789996346149
040 _aFISKH
_bkhr
_cFISKH
_dFISKH
050 _aPZ7
082 _a590
100 _aFines, Soeun
245 _aនិនចារឆ្មាតូតូ /
_cនិពន្ធដោយ លោក ស៊ីន ហ្វីណេស្វ
260 _aPhnom Penh :
_bReading Books ,
_c2014.
300 _a24 pages :
_bcolor illustrations ;
_c25 cm .
505 _aK
520 _aតូតូជាឆ្មាដែលមានមហិច្ឆតាចង់ក្លាយជាអ្នកមានវាក៏ព្យាយាមអួតបង្ហាញខ្លួនឈ្មុសឈ្មុលចូលប្រកួតប្រជែងគ្រប់ទិសទី ទោះបីមានការភ័យខ្លាចយ៉ាងណាក៏ដោយ ។​ ទីប៉ផុតវាក៏ប្រើប្រាជ្ញាដើម្បីយកឈ្នះលើសត្វកំណាចជាច្រើន ក៏បានក្លាយជាអ្នកក្លាហានប្រចាំព្រៃតែម្តង ។​ ហើយវាក៏ដាក់ឈ្មោះអោយខ្លួនឯងថា​និនចារឆ្មាតូតូ ។​
520 _aToto was a cat with great ambition to become wealthy. He always tried to show off and present himself as smart and capable, entering every competition and challenge, no matter how scared he was. In the end, he used his cleverness to defeat many fierce animals and eventually became known as the bravest creature in the forest. He even gave himself the name “Toto the Ninja Cat.”
521 8 _a510
_bLexile estimate
521 8 _aK
_bRaz-Plus
650 _aនិនចារឆ្មាតូតូ
_vរឿងនិទានកុមារ​
650 _aNinja ToTo
_vChildren's stories
700 _aSaren, Koam
_eIllustrator
942 _2ddc
_cKHB
_n0
999 _c8581
_d8581